Lateinisches Alphabet - Sudden Death - Statistiken

Allgemein
  • Dieses Quiz wurde 94 mal gespielt
  • Das Durchschnittsergebnis liegt bei 24 aus 26
Answers on the Grid
Answers color-coded by a green-red scale on the quiz's grid according to % correct below.
A
B
C
D
E
F
G
H
I
J
K
L
M
N
O
P
Q
R
S
T
U
V
W
X
Y
Z
س
غ
נ
ש
ல்
Ֆ
Հ
Б
Д
З
Ш
Θ
Σ
Δ
Ժ
 
Antwortstatistiken
Antwort % Korrekt
S
94%
A
92%
B
92%
C
92%
E
92%
K
92%
L
92%
N
92%
R
92%
T
92%
U
92%
F
91%
H
91%
I
91%
M
91%
P
91%
Q
91%
D
89%
G
89%
W
89%
J
88%
O
88%
V
88%
X
88%
Y
88%
Z
88%
Keine übereinstimmenden Quizze gefunden
Verteilung der Resultate
Anzahl Personen mit jedem Resultat
Perzentil nach korrekt beantworteten Fragen
Ihre Resultats-Entwicklung
Sie haben dieses Quiz noch nicht gespielt